| 000 | 01396nam a22005057a 4500 | ||
|---|---|---|---|
| 005 | 20241106161642.0 | ||
| 008 | 160229b xxu||||| |||| 00| 0 spa d | ||
| 020 | _a9786075190099 | ||
| 041 | _aEspañol | ||
| 082 | _a658.3 N424c3 | ||
| 100 |
_aNelson, Debra L. _95675 |
||
| 100 |
_aCambell Quick, James _95676 |
||
| 245 | _aCORG: comportamiento organizacional | ||
| 250 | _a3 edición | ||
| 260 |
_aMéxico _bCengage Learning _c2013 |
||
| 300 | _a359 páginas | ||
| 650 | _aCOMPORTAMIENTO ORGANIZACIONAL | ||
| 650 | _aCOMPORTAMIENTO HUMANO | ||
| 650 | _aDIFERENCIAS CULTURALES | ||
| 650 | _aDIVERSIDAD | ||
| 650 | _aRETOS PARA GERENTES | ||
| 650 | _aPERSONALIDAD | ||
| 650 | _aACTITUD | ||
| 650 | _aEMOCIONES | ||
| 650 | _aÉTICA | ||
| 650 | _aCOMPORTAMIENTO | ||
| 650 | _aMOTIVACIÓN EN EL TRABAJO | ||
| 650 | _aGESTIÓN DEL DESEMPEÑO | ||
| 650 | _aÉSTRES | ||
| 650 | _aBIENESTAR EN EL TRABAJO | ||
| 650 | _aCOMUNICACIÓN | ||
| 650 | _aGRUPOS DE TRABAJO | ||
| 650 | _aTOMA DE DECISIONES | ||
| 650 | _aCOMPORTAMIENTO POLÍTICO | ||
| 650 | _aLÍDERES | ||
| 650 | _aSEGUIDORES | ||
| 650 | _aCONFLICTO | ||
| 650 | _aNEGOCIACIÓN | ||
| 650 | _aCONFLICTO Y NEGOCIACIÓN | ||
| 650 | _aPUESTOS DE TRABAJO | ||
| 650 | _aESTRUCTURA ORGANIZACIONAL | ||
| 650 | _aCULTURA ORGANIZACIONAL | ||
| 650 | _aADMINISTRACIÓN DE CARRERA | ||
| 942 |
_cBK _2ddc |
||
| 999 |
_c7728 _d7728 |
||